Riconosci le Bandiere sbagliate - Europa - Quiz n°1 - Statistics

Statistiche generali
  • Questo quiz è stato fatto 32 volte
  • Il punteggio medio è 24 su 30
Statistiche sulle risposte
Domanda Casella Select % Corretto
tutte le bandiere sbagliate No
96%
tutte le bandiere sbagliate No
96%
tutte le bandiere sbagliate No
96%
tutte le bandiere sbagliate No
96%
tutte le bandiere sbagliate No
96%
tutte le bandiere sbagliate No
96%
tutte le bandiere sbagliate No
96%
tutte le bandiere sbagliate No
93%
tutte le bandiere sbagliate No
93%
tutte le bandiere sbagliate No
93%
tutte le bandiere sbagliate No
93%
tutte le bandiere sbagliate No
89%
tutte le bandiere sbagliate No
89%
tutte le bandiere sbagliate No
89%
tutte le bandiere sbagliate
89%
tutte le bandiere sbagliate No
86%
tutte le bandiere sbagliate No
86%
tutte le bandiere sbagliate No
86%
tutte le bandiere sbagliate No
86%
tutte le bandiere sbagliate
82%
tutte le bandiere sbagliate No
82%
tutte le bandiere sbagliate No
79%
tutte le bandiere sbagliate
71%
tutte le bandiere sbagliate
68%
tutte le bandiere sbagliate
68%
tutte le bandiere sbagliate
57%
tutte le bandiere sbagliate
54%
tutte le bandiere sbagliate
43%
tutte le bandiere sbagliate
25%
tutte le bandiere sbagliate
14%
Nessun quiz corrispondente trovato
Distribuzione punteggi
Percentuale di utenti per punteggio
Percentile per numero di risposta
I tuoi punteggi nel tempo
Non hai fatto questo quiz